000 01798nam0a2200349 4500
001 RU\NLR\bibl\1257057
005 20260405165155.0
035 _a(NLR Aleph) 001243081
090 _a271323
_c271323
100 _a20080730d2004 |||y0rusy50 ca
101 0 _arus
102 _aRU
105 _ay |||||||||
200 1 _aМеждународный церемониал и этикет
_eучебное пособие
_fД.В. Николаева, А.И. Черняк
_gМ-во трансп. Рос. Федерации, Федер. гос. образоват. учреждение Гос. морская акад. им. адмирала С.О. Макарова, Каф. истории и культуры
210 _aСанкт-Петербург
_cГМА
_d2004
215 _a55, [1] с.
_d21
320 _aБиблиогр.: с. 55
606 1 _aДеловой этикет международный
_jУчебные издания для высших учебных заведений
_92311679
_3RU\NLR\auth\661383474
606 1 _aВоинский этикет
_jУчебные издания для высших учебных заведений
_91301298
_3RU\NLR\auth\66221652
606 1 _aМеждународное военно-морское право
_jУчебные издания для высших учебных заведений
_92523296
_3RU\NLR\auth\661495086
686 _aЮ707.7я73
686 _aС550.67я73
686 _aХ913.315я73
686 _aЦ.я73-1
686 _aЦ4,5(0)2я73-1
700 1 _4070
_8rus
_7ca
_aНиколаева
_bД. В.
_cкультуролог
_3RU\NLR\AUTH\7771079
_954007
701 1 _aЧерняк
_bА. И.
_4070
801 0 _aRU
_bNLR
_c20080730
_gRCR
801 1 _aRU
_bNLR
_c20080730
942 _cBOOK
980 _aNB